| 000 | 00352pab a2200145 454500 | ||
|---|---|---|---|
| 008 | 180718b1997 xxu||||| |||| 00| 0 eng d | ||
| 100 | _aSreenivasa Iyengar, N. | ||
| 245 | _aBayes' applications in economics | ||
| 260 | _c1997 | ||
| 300 | _ap.155-63 | ||
| 362 | _aApr-Jun | ||
| 650 | _aEconomics | ||
| 773 | _aIndian Economic Review | ||
| 909 | _a35908 | ||
| 999 |
_c35908 _d35908 |
||